000
00231 a2200097 4500
001
10877
100
_a
Bass, B.
245
_a
Objective Approaches to Personality Assessment
260
_a
_b
D, Vas Nostrand
_c
090
_c
8451
_d
8451
942
_a
NUST-CAE
_c
M
_c
35213
999
_c
245950
_d
245950